VIHsibles : (Record no. 4664)

MARC details
000 -LEADER
campo de control de longitud fija 00723nam a2200193 4500
003 - IDENTIFICADOR DE NÚMERO DE CONTROL
campo de control -
005 - FECHA Y HORA DE LA ÚLTIMA TRANSACCIÓN
campo de control 20260508222639.0
008 - DATOS DE LONGITUD FIJA--INFORMACIÓN GENERAL
campo de control de longitud fija -
020 ## - NÚMERO INTERNACIONAL ESTÁNDAR DEL LIBRO
Número Internacional Estándar del Libro 978-9968-03-828-7
040 ## - FUENTE DE CATALOGACIÓN
Centro catalogador/agencia de origen Biblioteca LadoV Teorética
Lengua de catalogación spa
Centro/agencia transcriptor Biblioteca LadoV Teorética
Normas de descripción rda
082 04 - NÚMERO DE LA CLASIFICACIÓN DECIMAL DEWEY
Número de clasificación 362.196.9792
Número de ítem L7359i
100 1# - ENTRADA PRINCIPAL--NOMBRE DE PERSONA
Nombre de persona Luis R. Herra
Término indicativo de función/relación autor
245 10 - MENCIÓN DEL TÍTULO
Título VIHsibles :
Resto del título Una respuesta comunitaria a la pandemia /
Mención de responsabilidad, etc. por Luis R. Herra
260 #1 - PUBLICACIÓN, DISTRIBUCIÓN, ETC.
Lugar de publicación, distribución, etc. Costa Rica :
Nombre del editor, distribuidor, etc. Centro de Investigación en Cultura y Desarrollo,
Fecha de publicación, distribución, etc. 2024
300 ## - DESCRIPCIÓN FÍSICA
Extensión 103 páginas :
Otras características físicas imágenes a color ;
Dimensiones 21.5 x 14 cm.
500 ## - NOTA GENERAL
Nota general Material elaborado con el apoyo de HIVOS en el marco del Fondo Subvención Proyecto VIH-CR.
650 #7 - PUNTO DE ACCESO ADICIONAL DE MATERIA--TÉRMINO DE MATERIA
Fuente del encabezamiento o término Tesauro de la UNESCO
Término de materia o nombre geográfico como elemento de entrada SIDA
942 ## - ELEMENTOS DE ENTRADA SECUNDARIOS (KOHA)
Fuente del sistema de clasificación o colocación Clasificación Decimal Dewey
Tipo de ítem Koha Libros
Suprimir en OPAC No
Holdings
Estatus retirado Estado de pérdida Fuente del sistema de clasificación o colocación Estado de daño No para préstamo Biblioteca de origen Biblioteca actual Fecha de adquisición Total de préstamos Signatura topográfica completa Código de barras Visto por última vez Precio de reemplazo Tipo de ítem Koha
    Clasificación Decimal Dewey     Biblioteca LadoV Biblioteca LadoV 08/05/2026   362.196.9792 L7359i 00005073 08/05/2026 08/05/2026 Libros
    Clasificación Decimal Dewey     Biblioteca LadoV Biblioteca LadoV 08/05/2026   362.196.9792 L7359i 00005074 08/05/2026 08/05/2026 Libros